000 00614nam a2200241Ia 4500
005 20260320201202.0
008 008 262003s9999 xx 000 0 eng d
037 _aEBOOK
040 _aCRL
040 _beng
040 _cCRL
041 _2eng
041 _aeng
084 _qCRL
100 _aGilliland
_91134433
245 0 _aBusiness Forecasting: The Emerging Role of Artificial Intelligence and Machine Learning
260 _bIEEE
260 _c2021
856 _uhttps://ieeexplore.ieee.org/servlet/opac?bknumber=10950306
942 _cEBOOK
999 _c1719487
_d1719487